LEADER 01056nam0 2200289 450 001 000027979 005 20101109102725.0 010 $a88-243-1952-1 100 $a20101109d2010----km-y0itay50------ba 101 0 $aita 102 $aIT 105 $ay-------001yy 200 1 $a<>federalismo fiscale$ecommento alla legge n. 42 del 2009$fa cura di Antonio e Giulio M. Salerno$g[presentazione di Beniamino] Caravita 210 $aNapoli$cJovene$dc2010 215 $aXII, 224 p.$d24 cm 225 2 $aStudi di federalismi 410 0$12001$aStudi di federalismi 500 10$a<>federalismo fiscale : commento alla legge n. 42 del 2009$958235 610 1 $aFederalismo fiscale 676 $a343.45043$v22$9Diritto tributario. Tributi statali e locali. Italia 702 1$aFerrara,$bAntonio 702 1$aSalerno,$bGiulio M. 801 0$aIT$bUNIPARTHENOPE$c20101109$gRICA$2UNIMARC 912 $a000027979 951 $a343-F/13$b42670$cNAVA1$d2010 996 $aFederalismo fiscale : commento alla legge n. 42 del 2009$958235 997 $aUNIPARTHENOPE LEADER 01067nam a2200277 i 4500 001 991001246069707536 005 20020502185642.0 008 010112s1992 it 001 0 ita 020 $a8806128396 035 $ab11484718-39ule_inst 035 $aPRUMB57455$9ExL 040 $aScuola per assistenti sociali$bita 082 0 $a364.13 100 1 $aCazzola, Franco$0119718 245 12$aL'Italia del pizzo :$bfenomenologia della tangente quotidiana /$cFranco Cazzola 260 $aTorino :$bEinaudi,$c1992 300 $aIX, 183 p. ;$c20 cm 490 0 $aEinaudi contemporanea ;$v10 650 4$aCorruzione$zItalia 907 $a.b11484718$b01-03-17$c01-07-02 912 $a991001246069707536 945 $aLE021 364.13 CAZ01.01$g1$i2020000003816$lle021$op$pE8.26$q-$rn$s- $t0$u2$v0$w2$x0$y.i14758349$z20-05-08 945 $aLE024 DIR PEN VII 27$g1$i2024000021993$lle021$nex DUSS$o-$pE0.00$q-$rl$s- $t0$u0$v0$w0$x0$y.i11676048$z01-07-02 996 $aItalia del pizzo$9618481 997 $aUNISALENTO 998 $ale020$ale021$b01-01-01$cm$da $e-$fita$git $h2$i2 LEADER 04024nam 2200709Ia 450 001 9910782768403321 005 20230721004429.0 010 $a1-281-99081-7 010 $a9786611990817 010 $a3-11-021120-3 024 7 $a10.1515/9783110211207 035 $a(CKB)1000000000697843 035 $a(EBL)429406 035 $a(OCoLC)567903862 035 $a(SSID)ssj0000285916 035 $a(PQKBManifestationID)11912639 035 $a(PQKBTitleCode)TC0000285916 035 $a(PQKBWorkID)10319900 035 $a(PQKB)10334626 035 $a(MiAaPQ)EBC429406 035 $a(DE-B1597)35294 035 $a(OCoLC)1013941577 035 $a(OCoLC)775643929 035 $a(DE-B1597)9783110211207 035 $a(Au-PeEL)EBL429406 035 $a(CaPaEBR)ebr10275915 035 $a(CaONFJC)MIL199081 035 $a(EXLCZ)991000000000697843 100 $a20080902d2008 uy 0 101 0 $aeng 135 $aur||#|||||||| 181 $ctxt 182 $cc 183 $acr 200 10$a2 Maccabees$b[electronic resource] /$fDaniel R. Schwartz 210 $aBerlin ;$aNew York $cWalter de Gruyter$dc2008 215 $a1 online resource (628 p.) 225 1 $aCommentaries on early Jewish literature (CEJL) 300 $aIncludes an English translation of the text of 2nd Maccabees. 311 $a3-11-019118-0 320 $aIncludes bibliographical references (p. 102-126) and indexes. 327 $tFrontmatter --$tTable of Contents --$tIntroduction --$tI. Subject, Purpose and Date --$tII. Sources and Development --$tIII. Historical Worth and Leading Ideas --$tIV. Between the Bible and Greek Literature --$tV. Language and Style --$tVI. Reception and Text --$tVII. Literature --$tVIII. Abbreviations and Bibliography --$tTranslation and Commentary --$tIntroductory Letters (1:1-2:18) --$tAuthor's Preface (2:19-32) --$tChapter III --$tChapter IV --$tChapter V --$tChapter VI --$tChapter VII --$tChapter VIII --$tChapter IX --$tChapter X --$tChapter XI --$tChapter XII --$tChapter XIII --$tChapter XIV --$tChapter XV --$tAppendices --$tAppendix 1: On the Letters in Chapters 1-2 --$tAppendix 2: "to register the people of Jerusalem as Antiochenes" (4:9) --$tAppendix 3: "his second invasion" (5:1) --$tAppendix 4: "as the residents of the place requested" (6:2) --$tAppendix 5: A Ptolemaic Account of Antiochus' Decrees? (2 Macc 6:7) --$tAppendix 6: "the tribute (still owed) to the Romans" (2 Macc 8:10, 36) --$tAppendix 7: The Battle Against the Galatians (8:20) --$tAppendix 8: "their own foods" (11:31) --$tAppendix 9: "to be his successor" (14:26) --$tAppendix 10: "the Syrian Language" (15:36) --$tAppendix 11: "and ever since the city was taken over by the Hebrews it has been in their hands" (15:37) --$tBackmatter 330 $a2 Maccabees is a Jewish work composed during the 2nd century BCE and preserved by the Church. Written in Hellenistic Greek and told from a Jewish-Hellenistic perspective, 2 Maccabees narrates and interprets the ups and downs of events that took place in Jerusalem prior to and during the Maccabean revolt: institutionalized Hellenization and the foundation of Jerusalem as a polis; the persecution of Jews by Antiochus Epiphanes, accompanied by famous martyrdoms; and the rebellion against Seleucid rule by Judas Maccabaeus. 2 Maccabees is an important source both for the events it describes and for 410 0$aCommentaries on early Jewish literature. 606 $aRELIGION / Judaism / General$2bisacsh 607 $aJerusalem$xHistory 610 $aApocrypha. 610 $aHellenism/Jewish Hellenism/Hellenistic Judaism. 610 $aJewish history. 610 $aMaccabees. 610 $aMartyrdom. 615 7$aRELIGION / Judaism / General. 676 $a229/.73077 686 $aBC 4250$2rvk 700 $aSchwartz$b Daniel R$0221666 801 0$bMiAaPQ 801 1$bMiAaPQ 801 2$bMiAaPQ 906 $aBOOK 912 $a9910782768403321 996 $a2 Maccabees$93799583 997 $aUNINA